L'artisanat de l'os à l'époque Gallo-Romaine : de l'ostéologie à l'archéologie expérimentale /

The transfer, in 1981, of the town museum collections in Sens (Yonne) to the old Archbishop's palace required great discretion and an underground passage was planned between the two buildings. Preventive archaeological excavations unearthed 22 Gallo-Roman bone combs, as well as a further 17 pie...

وصف كامل

محفوظ في:

المؤلف الرئيسي: Barbier, Marc (مؤلف)

التنسيق: كتاب الكتروني

اللغة: French

منشور في: Oxford : Archaeopress, [2016]

سلاسل: Archaeopress Roman archaeology ; 16.

الموضوعات:

الوصول للمادة أونلاين: Login to view Source

الوسوم: إضافة وسم

لا توجد وسوم, كن أول من يضع وسما على هذه التسجيلة!

رقم الطلب: DC63

LEADER 02355nam a2200409 i 4500
001 EDZ0001585139
003 StDuBDS
005 20230412181822.0
006 m|||||o||d||||||||
007 cr |||||||||||
008 160818s2016 enka fo 000|0|fre|d
020 |a 9781784914226 (ebook) :  |c No price 
040 |a StDuBDS  |b eng  |c StDuBDS  |e rda  |e pn 
050 4 |a DC63 
082 0 4 |a 936.402  |2 23 
100 1 |a Barbier, Marc,  |e author. 
245 1 2 |a L'artisanat de l'os à l'époque Gallo-Romaine :  |b de l'ostéologie à l'archéologie expérimentale /  |c Marc Barbier. 
264 1 |a Oxford :  |b Archaeopress,  |c [2016] 
300 |a 1 online resource :  |b illustrations (colour). 
336 |a text  |2 rdacontent 
336 |a still image  |2 rdacontent 
337 |a computer  |2 rdamedia 
338 |a online resource  |2 rdacarrier 
490 1 |a Archaeopress Roman archaeology ;  |v 16 
500 |a Previously issued in print: 2016. 
520 8 |a The transfer, in 1981, of the town museum collections in Sens (Yonne) to the old Archbishop's palace required great discretion and an underground passage was planned between the two buildings. Preventive archaeological excavations unearthed 22 Gallo-Roman bone combs, as well as a further 17 pieces when the excavation area was expanded. This exceptional concentration of bone artefacts incited the author to start on an experimental search at a time when bone artefacts were not finding much interest among specialists. However, it was extremely adventurous to piece together a bone-worker production line and create a never before archaeologically discovered appliance used in Roman times. Obviously, the first reproductions have been directed towards combs. This title presents an analysis of the 22 Gallo-Roman bone combs. 
521 |a Specialized. 
588 |a Description based on online resource; title from home page (viewed on November 11, 2016). 
651 0 |a France  |x Antiquities, Roman. 
650 0 |a Bone carving  |x History. 
650 0 |a Combs  |x History. 
776 0 8 |i Print version :  |z 9781784914219 
830 0 |a Archaeopress Roman archaeology ;  |v 16. 
856 4 0 |3 Archaeopress  |u http://library.arce.org:8087/Archaeopress/Products/9781784914219 
942 |2 lcc  |c EBOOK 
952 |0 0  |1 0  |4 0  |6 DC0063  |7 1  |9 46190  |a ARCH  |b ARCH  |d 2023-04-12  |l 0  |o DC63  |r 2023-04-12 00:00:00  |w 2023-04-12  |y EBOOK 
999 |c 51848  |d 51848